| 000 | 00756cam a2200253Ii 4500 | ||
|---|---|---|---|
| 001 | 44966 | ||
| 005 | 20230410130830.0 | ||
| 008 | 771007s1972 ag 000 0 spa d | ||
| 035 | _a(OCoLC)ocm03324784 | ||
| 040 |
_aCLV _cCLV _dDRFGD |
||
| 035 | _a(OCoLC)3324784 | ||
| 050 | 1 | 4 |
_aPQ 6037 _bF363e 1972 |
| 082 | 0 | 0 | _a860.09 |
| 049 | _aGRAL | ||
| 100 | 1 | _aFernández de Yácubsohn, Martha. | |
| 245 | 1 | 0 |
_aEsquemas de literatura Española / _cMartha Fernández de Yácubsohn, [y] Lucila Pagliai. |
| 260 |
_aBuenos Aires : _bEditorial Kapelusz, _c[1972] |
||
| 300 |
_a126 p. : _bill. ; _c23 cm. |
||
| 650 | 0 |
_aSpanish literature _xHistory and criticism. |
|
| 700 | 1 | _aPagliai, Lucila. | |
| 942 |
_2lcc _cbk |
||
| 946 | _almminaya | ||
| 994 |
_aC0 _bDRFGD |
||
| 999 |
_c81186 _d81186 |
||